000 00694nam a22002537a 4500
001 BR8501793
003 BR-BrBNA
005 20230928092131.0
007 ta
008 230509b bl.||||| |||| 00| 0 por d
040 _aBR-BrBNA
_bpor
_cBiblioteca Nacional de Agricultura
041 _a(Por)
072 _aE50
090 _ E50 BR8501793
100 1 _aBortone, A.J.
110 1 _aEmpresa de Assistencia Tecnica e Extensao Rural do Estado de Minas Gerais, Belo Horizonte (Brasil)
245 1 _aLideranca
260 3 _aBelo Horizonte, MG (Brasil):
_c1985.
300 _a35 p.
650 _aLIDERANCA
650 _aTREINAMENTO
909 _a202309
_bLucia
_c55
_dLucia Elande
942 _cBK
999 _c37307
_d37307